000 00791nam a2200241 a 4500
005 20160503020003.0
008 140121b2002 ck ||||| |||| 00| 0 spa d
041 _aspa
044 _ack
090 _aIAvH
_b00187
100 _aRamos Borrero, Aurelio
_92230
245 _aDisponibilidad de los consumidores a la compra de productos ecológicos y sensibilidad de precios en Colombia. "Casos de madera y café"
260 _aBogotá
_bInstituto Alexander von Humboldt
_c2002
300 _a89 p.
650 _aProductos ecológicos
_92231
650 _aMercados verdes
_92232
650 _aCafé orgánico
_92233
650 _aMadera certificada
_92234
650 _aEstudios de mercados
_92235
650 _aActitudes del consumidor
_92236
662 _aColombia
942 _cCD-ROM
_2z
_01
999 _c2621
_d2621